Normal view
MARC view
- Fertility, Human
Entry Topical Term
001 - CONTROL NUMBER
- control field: 11149
003 - CONTROL NUMBER IDENTIFIER
- control field: NUST
005 - DATE AND TIME OF LATEST TRANSACTION
- control field: 20180620093337.0
008 - FIXED-LENGTH DATA ELEMENTS
- fixed length control field: 180620|| aca||aabn | a|a d
040 ## - CATALOGING SOURCE
- Original cataloging agency: NUST
- Transcribing agency: NUST
150 ## - HEADING--TOPICAL TERM
- Topical term or geographic name entry element: Fertility, Human
- Geographic subdivision: Pakistan
- Form subdivision: Statistics.
670 ## - SOURCE DATA FOUND
- Source citation: Work cat.: (NUST)0: Pakistan demographic and health survey 2012-13
